000 00323nam a2200157Ia 4500
100 _aGajjar/Dhiren
490 _v2
942 _cBK
654 _amathematics
245 _aApplied Mathematics
260 _bStudents book depot
_aPune
_c1984
082 _a519
_bGAJ
300 _a304
546 _aENGLISH
999 _c32516
_d32516